Winx - Statistiques

Statistiques générales
  • Ce quiz a été pris 237 fois
  • Le résultat moyen est 12 sur 20
Statistiques - réponses
Indice Réponses % Correct
Soleil et de la Lune Stella
99%
Flamme du dragon Bloom
98%
Nature Flora
98%
Musique Musa
98%
Technologie Tecna
97%
Fluides Layla
83%
Glace Icy
69%
Tempête Stormy
69%
Illusions Darcy
67%
Forme de papillon enchanté Enchantix
60%
Pouvoir sous-marins maudits Sirenix
54%
La nature et la sœur d'une des Winx Miel
49%
Pouvoir de la flamme du dragon Bloomix
47%
Faire croire en soi Believix
46%
Les animaux 🐶 Roxy
46%
Pouvoir sous-marins sans crainte Harmonix
41%
Beau gosse et très fort Valtor
33%
Jalouse d'une des Winx / Les perles Diaspro
28%
Monde secret Mythix
20%
Inventée / La poésie Indice : myrhologie Calliope
1%
Aucun quiz correspondant
Distribution des résultats
% des personnes avec chaque résultat
Percentile par nombre de réponses
Votre historique - résultats
Vous n’avez pas pris ce quiz